000 00541nam a2200145Ia 4500
008 260210s9999 xx 000 0 und d
024 _a16B-075-EL & 16B-104-EL
082 _a004.49092 SAA
100 _aSaad Ali Khan & Sheeraz Khan
245 0 _aSmart Helmet for Bikers with Rear View (with CD)
260 _aKarachi:
_bUITU,
_c2016
600 _aElectronic Engineering
650 _aBachelor of Engineering (BE)
856 _uhttps://drive.google.com/file/d/1o8SR30XttznRSQc1SUCyXdp_AVH72TlN/view?usp=sharing
_yClick here for PDF
999 _c33271
_d33271